[Event "FIN jub40 corr"]
[Site "Finland"]
[Date "2001.06.20"]
[Round "?"]
[White "Oesterman, Georg"]
[Black "Seljodkin, Juri"]
[Result "1-0"]
[WhiteElo "2558"]
[BlackElo "2471"]
[PlyCount "145"]
[EventDate "2001.06.??"]
[EventType "tourn (corr)"]
[EventRounds "15"]
[EventCountry "FIN"]
[SourceTitle "Corr 2006"]
[Source "ChessBase"]
[SourceDate "2006.04.01"]
[SourceVersion "3"]
[SourceVersionDate "2006.04.01"]
[SourceQuality "1"]

1. e4 c5 2. Nf3 Nc6 3. d4 cxd4 4. Nxd4 e5 5. Nb5 d6 6. c4 Be7 7. Bd3 Be6 8. b3 Nf6 9. 0-0 0-0 10. N1c3 a6 11. Na3 Rc8 12. Nc2 b5 13. cxb5 Na7 14. Bb2 Nxb5 15. Nxb5 axb5 16. Qe2 Qb6 17. Kh1 Rc7 18. Ne3 b4 19. f4 exf4 20. Rxf4 Nh5 21. Rff1 g6 22. Nd5 Bxd5 23. exd5 Bg5 24. Qg4 Bd2 25. Bd4 Qa5 26. Bc4 Bh6 27. Rae1 Qxa2 28. Qe4 Qa8 29. Bb5 Bg5 30. Bc6 Qa2 31. Qf3 Re7 32. Rxe7 Bxe7 33. Qe3 Bd8 34. Ba4 Qc2 35. Bd7 Ng7 36. Rc1 Qa2 37. g4 Qa6 38. Ra1 Qb7 39. Bc6 Qe7 40. Qxe7 Bxe7 41. Ra7 Bg5 42. Rb7 Bd2 43. Bf6 h5 44. h3 Ra8 45. Rd7 Ra3 46. Ba4 Bf4 47. Rd8+ Kh7 48. Rf8 g5 49. Rxf7 Kg6 50. Rf8 hxg4 51. hxg4 Ra2 52. Bb5 Rh2+ 53. Kg1 Rd2 54. Bc4 Be3+ 55. Kh1 Rd1+ 56. Kg2 Rd2+ 57. Kg3 Bf2+ 58. Kh3 Be3 59. Be7 Bf4 60. Rf6+ Kh7 61. Rxf4 gxf4 62. Bxd6 Rd1 63. Kg2 Ne8 64. Be5 Kg6 65. Kf3 Nf6 66. d6 Ne8 67. Be6 Rd3+ 68. Ke4 Rd2 69. Kxf4 Rd1 70. Ke3 Re1+ 71. Kf2 Rd1 72. Ke2 Rxd6 73. Bf5+ 1-0

[Event "FIN jub40 corr"]
[Site "Finland"]
[Date "2001.06.20"]
[Round "?"]
[White "Seljodkin, Juri"]
[Black "Hyldkrog, Lars"]
[Result "1/2-1/2"]
[WhiteElo "2471"]
[BlackElo "2473"]
[PlyCount "98"]
[EventDate "2001.06.??"]
[EventType "tourn (corr)"]
[EventRounds "15"]
[EventCountry "FIN"]
[SourceTitle "Corr 2006"]
[Source "ChessBase"]
[SourceDate "2006.04.01"]
[SourceVersion "3"]
[SourceVersionDate "2006.04.01"]
[SourceQuality "1"]

1. d4 Nf6 2. c4 e6 3. Nf3 d5 4. Nc3 Bb4 5. Bg5 Nbd7 6. cxd5 exd5 7. Qc2 0-0 8. a3 Bxc3+ 9. Qxc3 c6 10. Nd2 h6 11. Bh4 Qe8 12. f3 Qe6 13. e3 Re8 14. Bf2 b6 15. g4 c5 16. h4 Nh7 17. Bd3 cxd4 18. Qxd4 Ne5 19. Be2 Nc6 20. Qf4 Bd7 21. Nb3 Nf8 22. Nd4 Qe7 23. Nxc6 Bxc6 24. Qb4 Qb7 25. Rh3 Rad8 26. Qd2 Ne6 27. Kf1 Qd7 28. Re1 Bb5 29. Bxb5 Qxb5+ 30. Kg2 Rc8 31. Rhh1 Rc4 32. Rc1 Rd8 33. Rc2 a5 34. Rhc1 a4 35. Rxc4 dxc4 36. Qc3 Rc8 37. Rd1 Rd8 38. Rxd8+ Nxd8 39. e4 Ne6 40. Be3 Qb3 41. Kf2 b5 42. Ke2 Qa2 43. f4 Qb1 44. f5 Nf8 45. Qe5 Qc2+ 46. Kf3 Qd1+ 47. Kg3 Qd3 48. Qd4 Nd7 49. Kf2 Qc2+ 1/2-1/2

[Event "FIN jub40 corr"]
[Site "Finland"]
[Date "2001.06.20"]
[Round "?"]
[White "Seljodkin, Juri"]
[Black "Soderberg, Per"]
[Result "1/2-1/2"]
[WhiteElo "2471"]
[BlackElo "2470"]
[PlyCount "101"]
[EventDate "2001.06.??"]
[EventType "tourn (corr)"]
[EventRounds "15"]
[EventCountry "FIN"]
[SourceTitle "Corr 2006"]
[Source "ChessBase"]
[SourceDate "2006.04.01"]
[SourceVersion "3"]
[SourceVersionDate "2006.04.01"]
[SourceQuality "1"]

1. d4 d5 2. c4 c6 3. Nf3 Nf6 4. Nc3 dxc4 5. a4 Bf5 6. e3 e6 7. Bxc4 Bb4 8. 0-0 Nbd7 9. Nh4 Bg6 10. Qb3 a5 11. g3 Nb6 12. Nxg6 hxg6 13. Be2 Qd7 14. f4 Nbd5 15. Bf3 Be7 16. e4 Nb4 17. Be3 0-0-0 18. Rfd1 Kb8 19. Rac1 Rc8 20. Rd2 Rhd8 21. Rcd1 Qe8 22. Nb1 Na6 23. Na3 Bb4 24. Rc2 c5 25. d5 exd5 26. exd5 Ne4 27. Nc4 Nd6 28. Be2 Ka7 29. Na3 f6 30. Nb5+ Ka8 31. Bf2 Qf7 32. Bg4 f5 33. Bf3 Qf6 34. Re2 c4 35. Qc2 Nxb5 36. axb5 Nc5 37. Bd4 Qd6 38. Kg2 Qd7 39. b6 Qb5 40. Bxg7 Nd3 41. Bc3 Qxb6 42. Bxb4 Qxb4 43. b3 Nc5 44. Qxc4 Qxb3 45. Qxb3 Nxb3 46. d6 Ka7 47. Bd5 Nc1 48. Rb2 Rxd6 49. Rxb7+ Ka6 50. Rb1 Ka7 51. Rb7+ 1/2-1/2

[Event "FIN jub40 corr"]
[Site "Finland"]
[Date "2001.06.20"]
[Round "?"]
[White "Seljodkin, Juri"]
[Black "Staudler, Horst"]
[Result "1/2-1/2"]
[WhiteElo "2470"]
[BlackElo "2605"]
[PlyCount "40"]
[EventDate "2001.06.??"]
[EventType "tourn (corr)"]
[EventRounds "15"]
[EventCountry "FIN"]
[SourceTitle "Corr 2006"]
[Source "ChessBase"]
[SourceDate "2006.04.01"]
[SourceVersion "3"]
[SourceVersionDate "2006.04.01"]
[SourceQuality "1"]

1. d4 Nf6 2. c4 e6 3. Nf3 b6 4. g3 Ba6 5. b3 Bb4+ 6. Bd2 Be7 7. Bg2 c6 8. Bc3 d5 9. Ne5 Ne4 10. 0-0 Nxc3 11. Nxc3 0-0 12. Rc1 f6 13. Nxc6 Nxc6 14. cxd5 Na5 15. dxe6 Rc8 16. d5 f5 17. Qd4 Qd6 18. Rfd1 Bf6 19. Qd2 Be5 20. e3 Nb7 1/2-1/2